|
|
|
|
| LEADER |
04706nam a22005415i 4500 |
| 001 |
978-94-007-0156-4 |
| 003 |
DE-He213 |
| 005 |
20151204154651.0 |
| 007 |
cr nn 008mamaa |
| 008 |
101202s2011 ne | s |||| 0|eng d |
| 020 |
|
|
|a 9789400701564
|9 978-94-007-0156-4
|
| 024 |
7 |
|
|a 10.1007/978-94-007-0156-4
|2 doi
|
| 040 |
|
|
|d GrThAP
|
| 050 |
|
4 |
|a K3150
|
| 072 |
|
7 |
|a LBB
|2 bicssc
|
| 072 |
|
7 |
|a LAW051000
|2 bisacsh
|
| 082 |
0 |
4 |
|a 341
|2 23
|
| 245 |
1 |
4 |
|a The EU Charter of Fundamental Rights
|h [electronic resource] :
|b From Declaration to Binding Instrument /
|c edited by Di Federico Giacomo.
|
| 264 |
|
1 |
|a Dordrecht :
|b Springer Netherlands,
|c 2011.
|
| 300 |
|
|
|a XX, 320 p.
|b online resource.
|
| 336 |
|
|
|a text
|b txt
|2 rdacontent
|
| 337 |
|
|
|a computer
|b c
|2 rdamedia
|
| 338 |
|
|
|a online resource
|b cr
|2 rdacarrier
|
| 347 |
|
|
|a text file
|b PDF
|2 rda
|
| 490 |
1 |
|
|a Ius Gentium: Comparative Perspectives on Law and Justice ;
|v 8
|
| 505 |
0 |
|
|a Abbreviations -- Acknowledgements -- Preface; Giacomo Di Federico -- Part I The Charter of Fundamental Rights in a broader perspective -- Chapter I The Charter of Fundamental Rights and the European Res Publica; Ola Zetterquist -- Chapter II Fundamental rights in the EU: Legal pluralism and multi-level protection after the Lisbon Treaty; Giacomo Di Federico -- Chapter III The European Charter of Fundamental Rights and the courts; Valentina Bazzocchi -- Chapter IV The European Parliament and the EU Charter of Fundamental Rights; Federico Camporesi -- Chapter V Fair trial, due process and the rights of defence in the EU legal order; Marco Borraccetti -- Chapter VI EU Member States and candidate countries facing a binding Charter of Fundamental Rights: What’s new?; Luisa Ficchi -- Part II The Charter of Fundamental Rights Applied -- Chapter VII Free movement of “needy” citizens after the binding Charter. Solidarity for all?; Federico Forni -- Chapter VIII Internal market derogations in the light of the newly binding character of the EU Charter of Fundamental Rights; Stephen James Curzon -- Chapter IX Article 47 of the EU Charter of Fundamental Rights and its impact on judicial cooperation in civil and commercial matters; Giangiuseppe Sanna -- Chapter X The Charter and the Area of Freedom, Security and Justice; Valentina Bazzocchi -- Chapter XI Social Rights in the European Union: the contribution of a binding EU Charter of Fundamental Rights; Serena Coppola -- Chapter XII The Charter of Fundamental Rights and the environment policy integration principle; Marco Lombardo -- Chapter XIII The EU Charter of Fundamental Rights and the social dimension of international trade; Valeria Bonavita -- Chapter XIV The European Charter of Fundamental Rights after Lisbon: a ‘timid’ Trojan horse in the domain of the common foreign and security policy?; Luca Paladini -- Bibliography -- Table of Cases -- Index.
|
| 520 |
|
|
|a The first part of this book reviews the multi-level system of protection currently operating in Europe and its constitutional implications. The book presents an analysis of the Charter from a legal, political and practical standpoint. It further examines the activity of the European Parliament as a fundamental rights actor, as well as the right to a fair trial and to effective judicial protection before and by the EU Courts. The second part of the volume addresses the impact of a binding Charter on specific areas of EU Law. The order of the contributions in this volume reflects the structure of the Treaty on the functioning of the European Union: free circulation of persons; the internal market; the area of freedom security and justice (civil and criminal aspects); social rights protection; environmental policy; enlargement; international trade and the Common Foreign and Security Policy.
|
| 650 |
|
0 |
|a Law.
|
| 650 |
|
0 |
|a Political science.
|
| 650 |
|
0 |
|a Private international law.
|
| 650 |
|
0 |
|a Conflict of laws.
|
| 650 |
|
0 |
|a International law.
|
| 650 |
|
0 |
|a Comparative law.
|
| 650 |
|
0 |
|a Constitutional law.
|
| 650 |
|
0 |
|a Public international law.
|
| 650 |
1 |
4 |
|a Law.
|
| 650 |
2 |
4 |
|a Public International Law.
|
| 650 |
2 |
4 |
|a Political Science.
|
| 650 |
2 |
4 |
|a Private International Law, International & Foreign Law, Comparative Law.
|
| 650 |
2 |
4 |
|a Constitutional Law.
|
| 700 |
1 |
|
|a Giacomo, Di Federico.
|e editor.
|
| 710 |
2 |
|
|a SpringerLink (Online service)
|
| 773 |
0 |
|
|t Springer eBooks
|
| 776 |
0 |
8 |
|i Printed edition:
|z 9789400701557
|
| 830 |
|
0 |
|a Ius Gentium: Comparative Perspectives on Law and Justice ;
|v 8
|
| 856 |
4 |
0 |
|u http://dx.doi.org/10.1007/978-94-007-0156-4
|z Full Text via HEAL-Link
|
| 912 |
|
|
|a ZDB-2-SHU
|
| 950 |
|
|
|a Humanities, Social Sciences and Law (Springer-11648)
|